| 000 | 00882cam a22003011a 4500 | ||
|---|---|---|---|
| 001 | 75478 | ||
| 003 | BD-RjUL | ||
| 005 | 20211209082710.0 | ||
| 008 | 190416s1960 njua b 001 0 eng | ||
| 035 | _a(BD-RjUL)75696 | ||
| 035 | _a(OCoLC)189360 | ||
| 040 |
_aDLC _cODaWU _dInLP _dUk _dDLC _beng |
||
| 041 | _aeng | ||
| 042 | _apremarc | ||
| 082 |
_223 _a657.45 _bCAP 1960 |
||
| 100 | 1 |
_aCardwell, Harvey. _9230544 |
|
| 245 | 1 | 4 |
_aThe principles of audit surveillance / _cHarvey Cardwell. |
| 260 |
_aPrinceton, N.J. : _bVan Nostrand, _cc1960. |
||
| 300 |
_a465 p. : _bill. ; _c24 cm. |
||
| 504 | _aIncludes bibliographical references and index. | ||
| 650 | 0 |
_aAuditing. _9230545 |
|
| 650 | 0 |
_aCommercial crimes. _9230546 |
|
| 906 |
_a7 _bcbc _coclcrpl _du _encip _f19 _gy-gencatlg |
||
| 942 |
_2ddc _cBK |
||
| 999 |
_c75478 _d75478 |
||